[Event "Deutsche Ländermeisterschaft 2020"]
[Site "Berlin GER"]
[Date "2020.09.30"]
[Round "2"]
[White "Fischer, Juliane"]
[Black "Wilmink, Anna"]
[Result "1-0"]
[Termination "normal"]
[Board "1.8"]
[WhiteElo "1509"]
[BlackElo "1608"]
[WhiteClock "00:26:50"]
[BlackClock "00:20:19"]
[WhiteTeam "Hessen"]
[BlackTeam "Niedersachsen"]
[PlyCount "127"]
[WhiteFideId "16290135"]
[BlackFideId "16273680"]
[EventCountry "GER"]
[EventRounds "7"]
[EventType "team-swiss"]
[EventDate "2020.09.29"]

1. e4 {[%clk 1:30:57]} e6 {[%clk 1:30:54]} 2. d4 {[%clk 1:31:18]} d5 {[%clk
1:31:18]} 3. Bd3 {[%clk 1:31:39]} c5 {[%clk 1:31:08]} 4. exd5 {[%clk 1:31:28]}
exd5 {[%clk 1:31:17]} 5. dxc5 {[%clk 1:31:11]} Bxc5 {[%clk 1:31:38]} 6. Nc3
{[%clk 1:29:21]} Nf6 {[%clk 1:31:37]} 7. Nge2 {[%clk 1:28:53]} O-O {[%clk
1:31:21]} 8. O-O {[%clk 1:28:47]} Nc6 {[%clk 1:31:09]} 9. Bg5 {[%clk 1:26:26]}
h6 {[%clk 1:30:28]} 10. Bh4 {[%clk 1:26:32]} g5 {[%clk 1:29:10]} 11. Bg3 {[%clk
1:26:29]} Nh5 {[%clk 1:26:35]} 12. Qd2 {[%clk 1:25:05]} f5 {[%clk 1:25:44]} 13.
Na4 {[%clk 1:22:14]} Bd6 {[%clk 1:22:41]} 14. Bxd6 {[%clk 1:19:36]} Qxd6 {[%clk
1:18:21]} 15. f4 {[%clk 1:18:32]} Qg6 {[%clk 1:14:23]} 16. Nac3 {[%clk
1:11:01]} Ne7 {[%clk 1:11:39]} 17. Nxd5 {[%clk 1:05:26]} Nxd5 {[%clk 1:07:54]}
18. Bc4 {[%clk 1:05:34]} Be6 {[%clk 1:07:20]} 19. Bxd5 {[%clk 1:05:38]} Rad8
{[%clk 1:07:18]} 20. c4 {[%clk 1:03:02]} Kh7 {[%clk 1:04:25]} 21. Qb4 {[%clk
0:58:50]} Bxd5 {[%clk 0:59:56]} 22. cxd5 {[%clk 0:58:55]} Rf7 {[%clk 0:59:00]}
23. Rad1 {[%clk 0:56:44]} Rg7 {[%clk 0:57:26]} 24. g3 {[%clk 0:54:01]} Re8
{[%clk 0:54:19]} 25. Rd2 {[%clk 0:52:10]} Re4 {[%clk 0:52:57]} 26. Qc3 {[%clk
0:45:44]} gxf4 {[%clk 0:52:02]} 27. Rf3 {[%clk 0:45:35]} fxg3 {[%clk 0:49:46]}
28. hxg3 {[%clk 0:45:22]} Rg4 {[%clk 0:47:20]} 29. Kf2 {[%clk 0:44:42]} Qb6+
{[%clk 0:44:58]} 30. Qe3 {[%clk 0:38:34]} Qxe3+ {[%clk 0:43:48]} 31. Kxe3
{[%clk 0:37:49]} Nxg3 {[%clk 0:41:58]} 32. d6 {[%clk 0:32:12]} Nf1+ {[%clk
0:41:56]} 33. Rxf1 {[%clk 0:31:53]} Rd7 {[%clk 0:39:38]} 34. Rxf5 {[%clk
0:31:46]} Kg6 {[%clk 0:37:06]} 35. Rc5 {[%clk 0:30:32]} Kf6 {[%clk 0:35:46]}
36. Rcd5 {[%clk 0:28:50]} Rg8 {[%clk 0:34:10]} 37. Rc5 {[%clk 0:26:01]} Re8+
{[%clk 0:32:18]} 38. Kf4 {[%clk 0:25:13]} Re6 {[%clk 0:31:43]} 39. Rcd5 {[%clk
0:23:57]} h5 {[%clk 0:27:59]} 40. Rxh5 {[%clk 0:24:06]} Rexd6 {[%clk 0:27:26]}
41. Rxd6+ {[%clk 0:24:24]} Rxd6 {[%clk 0:27:44]} 42. Rh6+ {[%clk 0:23:58]} Ke7
{[%clk 0:27:52]} 43. Rh7+ {[%clk 0:23:49]} Ke6 {[%clk 0:27:47]} 44. Rxb7 {[%clk
0:24:00]} Ra6 {[%clk 0:27:19]} 45. Nc3 {[%clk 0:23:55]} Kd6 {[%clk 0:26:31]}
46. Nb5+ {[%clk 0:23:05]} Kc6 {[%clk 0:26:48]} 47. Rxa7 {[%clk 0:23:25]} Kxb5
{[%clk 0:27:08]} 48. Rxa6 {[%clk 0:23:45]} Kxa6 {[%clk 0:27:28]} 49. Ke4 {[%clk
0:24:12]} Kb5 {[%clk 0:27:54]} 50. Kd3 {[%clk 0:24:26]} Kb4 {[%clk 0:27:45]}
51. b3 {[%clk 0:24:09]} Kb5 {[%clk 0:27:23]} 52. Kc3 {[%clk 0:24:15]} Kc5
{[%clk 0:27:27]} 53. a3 {[%clk 0:24:27]} Kb5 {[%clk 0:27:39]} 54. b4 {[%clk
0:24:52]} Kb6 {[%clk 0:27:47]} 55. Kc4 {[%clk 0:25:12]} Kc6 {[%clk 0:27:46]}
56. b5+ {[%clk 0:25:12]} Kb6 {[%clk 0:28:05]} 57. a4 {[%clk 0:25:34]} Kb7
{[%clk 0:28:19]} 58. Kc5 {[%clk 0:25:49]} Kc7 {[%clk 0:28:36]} 59. b6+ {[%clk
0:25:57]} Kb8 {[%clk 0:28:20]} 60. a5 {[%clk 0:26:01]} Kb7 {[%clk 0:22:06]} 61.
a6+ {[%clk 0:26:14]} Kb8 {[%clk 0:20:50]} 62. Kc6 {[%clk 0:26:15]} Ka8 {[%clk
0:20:10]} 63. b7+ {[%clk 0:26:32]} Kb8 {[%clk 0:20:19]} 64. a7+ {[%clk
0:26:50]} 1-0

[Event "Deutsche Ländermeisterschaft 2020"]
[Site "Berlin GER"]
[Date "2020.09.30"]
[Round "2"]
[White "Färber, David"]
[Black "Roseneck, Jonas"]
[Result "0-1"]
[Termination "normal"]
[Board "2.1"]
[BlackTitle "FM"]
[WhiteElo "2321"]
[BlackElo "2417"]
[WhiteClock "00:15:41"]
[BlackClock "00:14:32"]
[WhiteTeam "Baden"]
[BlackTeam "Sachsen-Anhalt"]
[PlyCount "62"]
[WhiteFideId "12971294"]
[BlackFideId "12939870"]
[EventCountry "GER"]
[EventRounds "7"]
[EventType "team-swiss"]
[EventDate "2020.09.29"]

1. e4 c5 {[%clk 1:30:54]} 2. Nf3 {[%clk 1:31:15]} d6 3. Bb5+ {[%clk 1:31:26]}
Nd7 {[%clk 1:31:45]} 4. d4 {[%clk 1:32:04]} cxd4 {[%clk 1:30:56]} 5. Qxd4 a6
{[%clk 1:31:14]} 6. Bxd7+ {[%clk 1:32:19]} Bxd7 {[%clk 1:20:23]} 7. Nc3 e5
{[%clk 1:20:23]} 8. Qd3 {[%clk 1:32:57]} h6 {[%clk 1:21:02]} 9. O-O {[%clk
1:32:06]} Nf6 {[%clk 1:13:10]} 10. Nd2 {[%clk 1:24:04]} b5 {[%clk 1:11:40]} 11.
a4 {[%clk 1:22:45]} b4 {[%clk 1:09:53]} 12. Nd5 {[%clk 1:19:55]} Nxd5 {[%clk
1:03:04]} 13. exd5 {[%clk 1:16:35]} Be7 {[%clk 1:01:57]} 14. Nc4 {[%clk
1:00:34]} O-O 15. f4 Bf6 {[%clk 0:46:53]} 16. Be3 {[%clk 0:57:52]} Qc7 {[%clk
0:37:37]} 17. fxe5 {[%clk 0:39:35]} Bxe5 {[%clk 0:35:19]} 18. Bd4 {[%clk
0:36:32]} Rac8 {[%clk 0:30:03]} 19. b3 {[%clk 0:34:38]} Rfe8 {[%clk 0:29:23]}
20. Rfe1 {[%clk 0:27:10]} Bf5 {[%clk 0:27:35]} 21. Qd2 {[%clk 0:26:17]} Bxd4+
{[%clk 0:27:34]} 22. Qxd4 {[%clk 0:26:42]} Bxc2 {[%clk 0:27:35]} 23. Qf4 {[%clk
0:26:06]} Rxe1+ {[%clk 0:22:33]} 24. Rxe1 {[%clk 0:26:32]} Bxb3 {[%clk
0:22:53]} 25. Nxd6 {[%clk 0:26:38]} Rd8 {[%clk 0:22:23]} 26. Qxb4 {[%clk
0:26:32]} Rb8 {[%clk 0:16:23]} 27. Qf4 {[%clk 0:17:11]} Bxd5 {[%clk 0:15:35]}
28. Rc1 {[%clk 0:16:19]} Qb6+ {[%clk 0:13:38]} 29. Kh1 {[%clk 0:16:11]} Qb2
{[%clk 0:13:44]} 30. Rg1 {[%clk 0:15:19]} Qxg2+ {[%clk 0:14:05]} 31. Rxg2
{[%clk 0:15:41]} Rb1+ {[%clk 0:14:32]} 0-1

[Event "Deutsche Ländermeisterschaft 2020"]
[Site "Berlin GER"]
[Date "2020.09.30"]
[Round "2"]
[White "Pallas, Sebastian"]
[Black "Schmider, Niklas"]
[Result "0-1"]
[Termination "normal"]
[Board "2.2"]
[BlackTitle "FM"]
[WhiteElo "2315"]
[BlackElo "2291"]
[WhiteTeam "Sachsen-Anhalt"]
[BlackTeam "Baden"]
[PlyCount "78"]
[WhiteFideId "12905453"]
[BlackFideId "12993778"]
[EventCountry "GER"]
[EventRounds "7"]
[EventType "team-swiss"]
[EventDate "2020.09.29"]

1. e4 c5 2. Nf3 d6 3. d4 cxd4 4. Nxd4 Nf6 5. Nc3 a6 6. Bg5 Nbd7 7. Qe2 h6 8.
Bh4 g6 9. f4 e5 10. fxe5 dxe5 11. O-O-O Qc7 12. Nb3 b5 13. Nd5 Nxd5 14. exd5
Bd6 15. Qd2 Kf8 16. g4 Nb6 17. Bf6 Rh7 18. Qg2 b4 19. Bd3 Bb7 20. Be4 a5 21.
Rd3 a4 22. Nd2 Rc8 23. Nb1 Nd7 24. Rf1 Kg8 25. h4 Nxf6 26. Rxf6 Be7 27. Rdf3
Qc4 28. Nd2 Qxa2 29. h5 a3 30. bxa3 Bxf6 31. Rxf6 b3 32. Nxb3 Qxb3 33. hxg6
fxg6 34. Rxg6+ Rg7 35. Rxg7+ Kxg7 36. g5 Qe3+ 37. Kb1 Qxg5 38. Qh3 Rd8 39. Qe6
Qf6 0-1

[Event "Deutsche Ländermeisterschaft 2020"]
[Site "Berlin GER"]
[Date "2020.09.30"]
[Round "2"]
[White "Wu, Luka"]
[Black "Post, Hugo"]
[Result "0-1"]
[Termination "normal"]
[Board "2.3"]
[WhiteElo "2019"]
[BlackElo "2209"]
[WhiteTeam "Baden"]
[BlackTeam "Sachsen-Anhalt"]
[PlyCount "96"]
[WhiteFideId "12977420"]
[BlackFideId "12962490"]
[EventCountry "GER"]
[EventRounds "7"]
[EventType "team-swiss"]
[EventDate "2020.09.29"]

1. e4 c5 2. Nf3 d6 3. d4 cxd4 4. Nxd4 Nf6 5. Nc3 e6 6. Be3 a6 7. Be2 Qc7 8. O-O
b5 9. a3 Bb7 10. Bd3 Nbd7 11. f4 Nc5 12. Qf3 Be7 13. Rae1 h5 14. Kh1 O-O-O 15.
Bg1 h4 16. h3 Rdg8 17. f5 e5 18. Nde2 Rd8 19. Nd5 Bxd5 20. Bxc5 Qxc5 21. exd5
Qxd5 22. c4 Qxf3 23. gxf3 d5 24. cxb5 e4 25. Nc3 Nh5 26. fxe4 Ng3+ 27. Kg2 dxe4
28. Bxe4 Bc5 29. bxa6 Rd2+ 30. Kf3 Nxf1 31. Rxf1 Rxb2 32. Bd5 Rd2 33. Be4 Rh6
34. Rb1 Rf2+ 35. Kg4 Bd6 36. Bf3 Bb8 37. Rc1 Kd8 38. Ne4 Rb2 39. Nc5 Ba7 40.
Bb7 Rd6 41. Kxh4 Rd4+ 42. Kg5 Rb6 43. Rc3 g6 44. Ne4 Rb5 45. Rc8+ Ke7 46. Bc6
Rxf5+ 47. Kh6 Rxe4 48. Re8+ Kf6 0-1

[Event "Deutsche Ländermeisterschaft 2020"]
[Site "Berlin GER"]
[Date "2020.09.30"]
[Round "2"]
[White "Basovskiy, Jana"]
[Black "Dietz, Kristin"]
[Result "1-0"]
[Termination "normal"]
[Board "2.5"]
[WhiteElo "1760"]
[BlackElo "1913"]
[WhiteTeam "Baden"]
[BlackTeam "Sachsen-Anhalt"]
[PlyCount "103"]
[WhiteFideId "16208617"]
[BlackFideId "12993743"]
[EventCountry "GER"]
[EventRounds "7"]
[EventType "team-swiss"]
[EventDate "2020.09.29"]

1. e4 c5 2. Nf3 e6 3. d3 Nc6 4. g3 d6 5. Bg2 g6 6. Nbd2 Bg7 7. c3 Nge7 8. O-O
O-O 9. Re1 b5 10. a3 a5 11. Nf1 d5 12. e5 d4 13. cxd4 cxd4 14. Bg5 f6 15. exf6
Bxf6 16. Bxf6 Rxf6 17. Ne5 Ra6 18. f4 Nxe5 19. Rxe5 Rf5 20. Qe2 Qc7 21. Re1 Kf7
22. Nd2 Qc2 23. Nf3 Qxe2 24. R1xe2 Rxe5 25. Rxe5 Bd7 26. Nxd4 Rd6 27. Nxb5 Rxd3
28. Nc3 Rd2 29. Re2 Rxe2 30. Nxe2 a4 31. Nc3 Nf5 32. Kf2 Nd4 33. Bh3 Ke7 34.
Ke3 Nb3 35. Bg4 Nc5 36. Be2 Kd6 37. Kd4 Nb3+ 38. Kc4 e5 39. fxe5+ Kxe5 40. Kb4
Nc1 41. Bf1 Kd4 42. Nxa4 Ke3 43. Nc5 Bc6 44. Bc4 Ne2 45. Bg8 h6 46. Kc4 Kf2 47.
b4 Kg2 48. b5 Bxb5+ 49. Kxb5 Kxh2 50. Ne4 Nxg3 51. Nxg3 Kxg3 52. a4 1-0

[Event "Deutsche Ländermeisterschaft 2020"]
[Site "Berlin GER"]
[Date "2020.09.30"]
[Round "2"]
[White "Schwenke, Mia"]
[Black "Haug, Mara"]
[Result "1-0"]
[Termination "normal"]
[Board "2.8"]
[WhiteElo "1265"]
[BlackElo "1366"]
[WhiteTeam "Sachsen-Anhalt"]
[BlackTeam "Baden"]
[PlyCount "131"]
[WhiteFideId "16263332"]
[BlackFideId "16259300"]
[EventCountry "GER"]
[EventRounds "7"]
[EventType "team-swiss"]
[EventDate "2020.09.29"]

1. e4 c5 2. Nf3 Nc6 3. d4 cxd4 4. Nxd4 g6 5. Nc3 Bg7 6. Be3 Nf6 7. f3 d6 8. Qd2
Bd7 9. O-O-O a6 10. g4 b5 11. Kb1 Rb8 12. Be2 Ne5 13. h4 h5 14. gxh5 Nxh5 15.
f4 Nc4 16. Bxc4 bxc4 17. b3 a5 18. Ka1 cxb3 19. cxb3 Ra8 20. Qc2 Qc8 21. Rh2 a4
22. Rc1 axb3 23. Nxb3 Qc6 24. Kb1 Rc8 25. Nd5 Qa4 26. Qxc8+ Bxc8 27. Rxc8+ Kd7
28. Rc7+ Kd8 29. Rc8+ Kxc8 30. Nb6+ Kc7 31. Nxa4 Ng3 32. Rc2+ Kb8 33. Rc4 Rxh4
34. Rb4+ Kc7 35. Rc4+ Kd7 36. Bf2 Rh1+ 37. Nc1 Ne2 38. Be3 Bh6 39. Nb6+ Ke6 40.
f5+ gxf5 41. Bxh6 Nxc1 42. Rxc1 Rxh6 43. Re1 Rh4 44. exf5+ Kxf5 45. Re2 Rb4+
46. Rb2 Rxb2+ 47. Kxb2 Ke4 48. Kc3 f5 49. a4 f4 50. a5 f3 51. a6 f2 52. Nc4 d5
53. Nd2+ Ke3 54. a7 d4+ 55. Kc2 d3+ 56. Kd1 f1=Q+ 57. Nxf1+ Kf2 58. Nd2 e5 59.
a8=Q e4 60. Qxe4 Kg3 61. Qf3+ Kh4 62. Qg2 Kh5 63. Qg7 Kh4 64. Ne4 d2 65. Qg5+
Kh3 66. Qg3# 1-0

[Event "Deutsche Ländermeisterschaft 2020"]
[Site "Berlin GER"]
[Date "2020.09.30"]
[Round "2"]
[White "Nguyen, Alex Dac-Vuong"]
[Black "Muckle, Julius"]
[Result "1-0"]
[Termination "normal"]
[Board "3.1"]
[WhiteTitle "FM"]
[BlackTitle "FM"]
[WhiteElo "2343"]
[BlackElo "2427"]
[WhiteTeam "Sachsen"]
[BlackTeam "Rheinland-Pfalz"]
[PlyCount "123"]
[WhiteFideId "12984388"]
[BlackFideId "12942430"]
[EventCountry "GER"]
[EventRounds "7"]
[EventType "team-swiss"]
[EventDate "2020.09.29"]

1. e4 e6 2. d4 d5 3. Nc3 Nf6 4. e5 Nfd7 5. f4 c5 6. Nf3 Nc6 7. Be3 Be7 8. Qd2
O-O 9. Be2 a6 10. a3 b5 11. Nd1 cxd4 12. Nxd4 Bb7 13. O-O Rc8 14. Nf2 Qc7 15.
Rfc1 Nc5 16. Nxc6 Qxc6 17. Bd4 f6 18. Qe3 fxe5 19. Bxe5 Rf7 20. Bh5 g6 21. Bf3
h5 22. c4 bxc4 23. Rxc4 Qe8 24. Rc2 Nd7 25. Rxc8 Bxc8 26. Bd4 Nb8 27. Nd3 Nc6
28. Rc1 Bd6 29. Bc5 Bxc5 30. Qxc5 Bb7 31. Qb6 Kh7 32. b4 Qh8 33. Qe3 Qf6 34.
Kf2 Kg8 35. g3 h4 36. Kg2 h3+ 37. Kf2 g5 38. fxg5 Qg7 39. Nf4 Nd4 40. g6 Rf8
41. Rd1 e5 42. Rxd4 Qf6 43. Rd1 exf4 44. gxf4 Bc6 45. Bxd5+ Bxd5 46. Rxd5 Qxg6
47. Qg3 Rxf4+ 48. Qxf4 Qg2+ 49. Ke3 Qxd5 50. Qg4+ Kf7 51. Qf3+ Ke6 52. Qxd5+
Kxd5 53. Kf3 Kc4 54. Kg3 Kb3 55. Kxh3 Kxa3 56. Kg4 Kxb4 57. h4 a5 58. h5 a4 59.
h6 a3 60. h7 Kb3 61. h8=Q Ka2 62. Qc3 1-0

[Event "Deutsche Ländermeisterschaft 2020"]
[Site "Berlin GER"]
[Date "2020.09.30"]
[Round "2"]
[White "Dahl, Christoph"]
[Black "Musiolik, David"]
[Result "0-1"]
[Termination "normal"]
[Board "3.3"]
[WhiteElo "2262"]
[BlackElo "2198"]
[WhiteTeam "Sachsen"]
[BlackTeam "Rheinland-Pfalz"]
[PlyCount "76"]
[WhiteFideId "16240235"]
[BlackFideId "12972355"]
[EventCountry "GER"]
[EventRounds "7"]
[EventType "team-swiss"]
[EventDate "2020.09.29"]

1. e4 e6 2. d4 d5 3. Nc3 Bb4 4. e5 c5 5. a3 Bxc3+ 6. bxc3 Ne7 7. Qg4 O-O 8. Bd3
f5 9. exf6 Rxf6 10. Bg5 Rf7 11. Qh5 g6 12. Qd1 Qa5 13. Qd2 Nbc6 14. Nf3 Bd7 15.
h4 c4 16. Be2 Nf5 17. Ne5 Nxe5 18. dxe5 d4 19. cxd4 Qxd2+ 20. Kxd2 Nxd4 21. Bf6
Ba4 22. Bd1 Rd7 23. Kc1 Rc8 24. h5 gxh5 25. Kb2 Rc5 26. Kc3 b6 27. Rh3 Nb5+ 28.
Kb4 Nc7 29. Bf3 Bxc2 30. Kc3 Bf5 31. Rg3+ Bg6 32. Be4 Kf7 33. Re1 Nb5+ 34. Kc2
c3 35. Bg5 Nxa3+ 36. Kc1 Bxe4 37. Rxe4 Rb5 38. Rf4+ Ke8 0-1

[Event "Deutsche Ländermeisterschaft 2020"]
[Site "Berlin GER"]
[Date "2020.09.30"]
[Round "2"]
[White "Fromm, Marius"]
[Black "Hesse, Henrik"]
[Result "1/2-1/2"]
[Termination "normal"]
[Board "4.1"]
[WhiteElo "2190"]
[BlackElo "2242"]
[WhiteClock "00:09:11"]
[BlackClock "00:01:31"]
[WhiteTeam "Mecklenburg-Vorpommern"]
[BlackTeam "Berlin"]
[PlyCount "79"]
[WhiteFideId "12993190"]
[BlackFideId "12952060"]
[EventCountry "GER"]
[EventRounds "7"]
[EventType "team-swiss"]
[EventDate "2020.09.29"]

1. e4 {[%clk 1:30:50]} e5 {[%clk 1:29:26]} 2. Nf3 {[%clk 1:31:14]} Nf6 {[%clk
1:29:50]} 3. Nxe5 {[%clk 1:31:39]} d6 {[%clk 1:30:14]} 4. Nf3 {[%clk 1:32:07]}
Nxe4 {[%clk 1:30:37]} 5. d4 {[%clk 1:32:33]} d5 {[%clk 1:30:49]} 6. Bd3 {[%clk
1:32:48]} Nc6 {[%clk 1:31:08]} 7. O-O {[%clk 1:30:19]} Be7 {[%clk 1:31:14]} 8.
Re1 {[%clk 1:28:58]} Bf5 {[%clk 1:26:25]} 9. Nbd2 {[%clk 1:28:38]} Nd6 {[%clk
1:18:20]} 10. Nf1 {[%clk 1:21:26]} O-O {[%clk 1:14:05]} 11. Ng3 {[%clk
1:20:07]} Bg6 {[%clk 1:10:20]} 12. c3 {[%clk 1:17:15]} Rb8 {[%clk 0:52:10]} 13.
a4 {[%clk 1:14:28]} Bf6 {[%clk 0:47:46]} 14. Ne5 {[%clk 1:08:58]} Bxe5 {[%clk
0:40:42]} 15. dxe5 {[%clk 1:09:20]} Ne4 {[%clk 0:40:01]} 16. f4 {[%clk
0:47:00]} Nxg3 {[%clk 0:35:28]} 17. hxg3 {[%clk 0:47:21]} Bxd3 {[%clk 0:34:58]}
18. Qxd3 {[%clk 0:47:46]} d4 {[%clk 0:35:09]} 19. Bd2 {[%clk 0:42:58]} dxc3
{[%clk 0:31:27]} 20. Qxd8 {[%clk 0:43:07]} Rfxd8 {[%clk 0:28:18]} 21. Bxc3
{[%clk 0:43:31]} Nd4 {[%clk 0:28:21]} 22. Rad1 {[%clk 0:42:41]} Ne2+ {[%clk
0:25:43]} 23. Kf2 {[%clk 0:43:06]} Nxc3 {[%clk 0:26:09]} 24. bxc3 {[%clk
0:43:31]} Kf8 {[%clk 0:25:47]} 25. Ke3 {[%clk 0:42:16]} Ke7 {[%clk 0:23:35]}
26. g4 {[%clk 0:36:12]} Rxd1 {[%clk 0:15:28]} 27. Rxd1 {[%clk 0:36:36]} Rd8
{[%clk 0:14:27]} 28. Rxd8 {[%clk 0:26:34]} Kxd8 {[%clk 0:14:10]} 29. g5 {[%clk
0:25:25]} Ke7 {[%clk 0:03:33]} 30. g4 {[%clk 0:24:09]} h6 {[%clk 0:00:42]} 31.
gxh6 {[%clk 0:24:11]} gxh6 {[%clk 0:01:11]} 32. f5 {[%clk 0:22:01]} c6 {[%clk
0:01:01]} 33. Kd4 {[%clk 0:20:48]} b6 {[%clk 0:01:22]} 34. Kc4 {[%clk 0:18:49]}
Kd7 {[%clk 0:01:32]} 35. Kb4 {[%clk 0:19:01]} Kc7 {[%clk 0:01:04]} 36. a5
{[%clk 0:10:53]} Kd7 {[%clk 0:01:22]} 37. Kc4 {[%clk 0:10:38]} Ke7 {[%clk
0:01:08]} 38. Kd4 {[%clk 0:11:01]} Kd7 {[%clk 0:01:09]} 39. Ke4 {[%clk
0:09:08]} Ke7 {[%clk 0:01:31]} 40. Kd4 {[%clk 0:09:11]} 1/2-1/2

[Event "Deutsche Ländermeisterschaft 2020"]
[Site "Berlin GER"]
[Date "2020.09.30"]
[Round "2"]
[White "Ermitsch, Magnus"]
[Black "Lange, Jannis"]
[Result "1-0"]
[Termination "normal"]
[Board "4.2"]
[WhiteElo "2025"]
[BlackElo "2126"]
[WhiteClock "00:04:24"]
[BlackClock "00:00:50"]
[WhiteTeam "Berlin"]
[BlackTeam "Mecklenburg-Vorpommern"]
[PlyCount "73"]
[WhiteFideId "16234464"]
[BlackFideId "12993107"]
[EventCountry "GER"]
[EventRounds "7"]
[EventType "team-swiss"]
[EventDate "2020.09.29"]

1. e4 {[%clk 1:30:16]} c5 {[%clk 1:30:53]} 2. Nf3 {[%clk 1:29:24]} Nc6 {[%clk
1:31:15]} 3. d4 {[%clk 1:29:38]} cxd4 {[%clk 1:31:38]} 4. Nxd4 {[%clk 1:29:40]}
Nf6 {[%clk 1:32:00]} 5. Nc3 {[%clk 1:29:43]} e5 {[%clk 1:32:23]} 6. Ndb5 {[%clk
1:29:11]} d6 {[%clk 1:32:45]} 7. Bg5 {[%clk 1:28:43]} a6 {[%clk 1:33:04]} 8.
Na3 {[%clk 1:28:15]} b5 {[%clk 1:33:27]} 9. Nd5 {[%clk 1:27:54]} Be7 {[%clk
1:33:44]} 10. Bxf6 {[%clk 1:27:04]} Bxf6 {[%clk 1:34:06]} 11. c4 {[%clk
1:27:01]} b4 {[%clk 1:33:23]} 12. Nc2 {[%clk 1:26:14]} Bg5 {[%clk 1:25:58]} 13.
Qf3 {[%clk 1:24:54]} O-O {[%clk 1:18:31]} 14. h4 {[%clk 1:21:28]} Bh6 {[%clk
1:09:41]} 15. Bd3 {[%clk 1:11:06]} a5 {[%clk 1:08:41]} 16. Rd1 {[%clk 1:05:21]}
Be6 {[%clk 1:02:15]} 17. g4 {[%clk 1:00:39]} Bf4 {[%clk 1:00:32]} 18. g5 {[%clk
0:52:16]} Bxd5 {[%clk 0:54:23]} 19. exd5 {[%clk 0:52:06]} Ne7 {[%clk 0:53:12]}
20. c5 {[%clk 0:45:57]} Nc8 {[%clk 0:45:53]} 21. Qe4 {[%clk 0:43:56]} g6 {[%clk
0:45:17]} 22. c6 {[%clk 0:42:54]} Nb6 {[%clk 0:43:44]} 23. Ne3 {[%clk 0:38:49]}
Bxe3 {[%clk 0:43:45]} 24. fxe3 {[%clk 0:38:55]} Na4 {[%clk 0:43:38]} 25. Rd2
{[%clk 0:30:34]} Nc5 {[%clk 0:38:31]} 26. Qg2 {[%clk 0:29:47]} e4 {[%clk
0:22:47]} 27. Bb1 {[%clk 0:26:11]} f5 {[%clk 0:11:06]} 28. h5 {[%clk 0:21:56]}
Kg7 {[%clk 0:08:54]} 29. hxg6 {[%clk 0:19:12]} hxg6 {[%clk 0:07:44]} 30. Qg3
{[%clk 0:18:11]} Rh8 {[%clk 0:03:28]} 31. Rxh8 {[%clk 0:17:23]} Qxh8 {[%clk
0:03:53]} 32. Rh2 {[%clk 0:17:18]} Qd8 {[%clk 0:02:19]} 33. Rh6 {[%clk
0:15:03]} Na6 {[%clk 0:01:34]} 34. Kf2 {[%clk 0:03:51]} Qf8 {[%clk 0:00:33]}
35. Qh2 {[%clk 0:03:56]} Qg8 {[%clk 0:00:31]} 36. Qxd6 {[%clk 0:04:08]} Rd8
{[%clk 0:00:50]} 37. Qe7+ {[%clk 0:04:24]} 1-0

[Event "Deutsche Ländermeisterschaft 2020"]
[Site "Berlin GER"]
[Date "2020.09.30"]
[Round "2"]
[White "Großmann, Piet"]
[Black "Mätzkow, Maximilian Paul"]
[Result "1/2-1/2"]
[Termination "normal"]
[Board "4.3"]
[BlackTitle "FM"]
[WhiteElo "1849"]
[BlackElo "2242"]
[WhiteClock "00:00:40"]
[BlackClock "00:11:14"]
[WhiteTeam "Mecklenburg-Vorpommern"]
[BlackTeam "Berlin"]
[PlyCount "62"]
[WhiteFideId "16234359"]
[BlackFideId "24679933"]
[EventCountry "GER"]
[EventRounds "7"]
[EventType "team-swiss"]
[EventDate "2020.09.29"]

1. e4 e6 {[%clk 1:30:41]} 2. d4 {[%clk 1:31:12]} d5 {[%clk 1:31:08]} 3. Nc3
{[%clk 1:30:55]} Nf6 {[%clk 1:31:31]} 4. Bg5 {[%clk 1:29:30]} Bb4 {[%clk
1:31:30]} 5. e5 {[%clk 1:29:42]} h6 {[%clk 1:31:55]} 6. Bd2 {[%clk 1:30:07]}
Bxc3 {[%clk 1:32:18]} 7. bxc3 {[%clk 1:30:34]} Ne4 {[%clk 1:32:42]} 8. Qg4
{[%clk 1:30:48]} Kf8 {[%clk 1:33:06]} 9. Bd3 {[%clk 1:21:16]} Nxd2 {[%clk
1:32:35]} 10. Kxd2 {[%clk 1:21:43]} c5 {[%clk 1:33:00]} 11. Nf3 {[%clk
1:20:08]} c4 {[%clk 1:32:40]} 12. Be2 {[%clk 1:19:41]} Nc6 {[%clk 1:32:47]} 13.
h4 {[%clk 1:18:18]} b5 {[%clk 1:32:12]} 14. Rhb1 {[%clk 1:06:16]} Rb8 {[%clk
1:29:24]} 15. Qf4 {[%clk 1:01:49]} a5 {[%clk 1:28:34]} 16. a3 {[%clk 1:01:13]}
Qe7 {[%clk 1:26:44]} 17. Qe3 {[%clk 0:46:54]} Ke8 {[%clk 1:19:48]} 18. h5
{[%clk 0:44:55]} Kd7 {[%clk 1:19:05]} 19. g3 {[%clk 0:43:55]} Ba6 {[%clk
1:08:47]} 20. Ne1 {[%clk 0:35:34]} Rb6 {[%clk 0:56:25]} 21. Ng2 {[%clk
0:26:40]} Rhb8 {[%clk 0:54:19]} 22. Nf4 {[%clk 0:16:02]} Ke8 {[%clk 0:48:38]}
23. Bd1 {[%clk 0:11:46]} Kf8 {[%clk 0:47:42]} 24. Bf3 {[%clk 0:10:25]} b4
{[%clk 0:45:10]} 25. axb4 {[%clk 0:10:37]} axb4 {[%clk 0:45:35]} 26. cxb4
{[%clk 0:02:06]} Nxb4 {[%clk 0:33:04]} 27. Bd1 {[%clk 0:01:52]} Kg8 {[%clk
0:32:45]} 28. c3 {[%clk 0:01:09]} Nd3 {[%clk 0:33:24]} 29. Bc2 {[%clk 0:01:45]}
Qb7 {[%clk 0:14:46]} 30. Rxb6 {[%clk 0:00:33]} Qxb6 {[%clk 0:15:11]} 31. Ra2
{[%clk 0:00:40]} Nxf4 {[%clk 0:11:14]} 1/2-1/2